| 000 | 00542nam a2200193 a 4500 | ||
|---|---|---|---|
| 001 | 17278 | ||
| 003 | CO-ViMGA | ||
| 008 | 141112s2004 ck r 000 u spa d | ||
| 020 | _a8482361597 | ||
| 040 |
_aCO-ViMGA _bspa _cCO-ViMGA |
||
| 082 | 0 | 4 | _a930.9 C171g |
| 100 | 1 |
_aCarbonell, Charles - Olivier _924580 |
|
| 245 | 1 | 0 | _aLas grandes fechas del siglo XX |
| 260 |
_aBarcelona (España), _cIdea Books, _c2000 |
||
| 300 | _a120.p. | ||
| 590 | _aForma de adquisición : Premio - Mincultura | ||
| 650 | 1 | 4 | _aHISTORIA UNIVERSAL |
| 942 |
_2ddc _cBK |
||
| 999 |
_c26847 _d26847 |
||